000 00722nam a2200193 a 4500
001 000013698
005 20200929163320.0
008 091127s1980 xxua 000 0 spa d
020 _a0852293607
040 _aDO-SdBNP
_bspa
_cBNPHU
082 _aR 032
_bN532e, 1980
245 0 4 _aThe new encyclopaedia Britannica.
246 3 2 _aEncyclopedia Britannica
246 1 8 _aEncyclopaedia Britannica
260 _aChicago :
_bEncyclopaedia Britannica,
_c1980.
300 _a30 v. :
_bils., retrs.
505 0 _gv. 1 Pr - Propaedia: outline of knowledge and guide to the Britannica --
_av. 1-10. Micropaedia: ready reference and index --
_gv. 1-19. Macropaedia: knowledge in depth --
910 _aValidado. Control de calidad MFF
999 _c13311
_d13311